BUSINESS SUSTAINABILITY (Record no. 25192)

MARC details
000 -LEADER
fixed length control field 00302nam a22001457a 4500
003 - CONTROL NUMBER IDENTIFIER
control field SGT
020 ## - INTERNATIONAL STANDARD BOOK NUMBER
International Standard Book Number 9788119147519
082 ## - DEWEY DECIMAL CLASSIFICATION NUMBER
Classification number 658
Item number MEH
100 ## - MAIN ENTRY--PERSONAL NAME
Personal name MEHTA ASHWINI
245 ## - TITLE STATEMENT
Title BUSINESS SUSTAINABILITY
250 ## - EDITION STATEMENT
Edition statement 1
260 ## - PUBLICATION, DISTRIBUTION, ETC. (IMPRINT)
Place of publication, distribution, etc NEW DELHI
Name of publisher, distributor, etc SS BOOKS
Year of Publication 2023
300 ## - PAGE DESCRIPTION
No. of Pages 101
942 ## - ADDED ENTRY ELEMENTS (KOHA)
Source of classification or shelving scheme Dewey Decimal Classification
Koha item type Books

No items available.